| 000 | 00632nam a2200205Ia 4500 | ||
|---|---|---|---|
| 003 | GCL | ||
| 008 | 140319s9999 xx 000 0 ara d | ||
| 040 |
_aGCL / _cGCL |
||
| 082 | 0 | 4 |
_a811.9 _bام |
| 100 | 1 | _aايليا ابوماضى | |
| 245 | 1 | 0 |
_aمن اعمال الشاعر ايليا ابى ماضى / _cايليا ابوماضى |
| 260 |
_aبيروت : _bدار كاف نون للنشر ، _c1988 |
||
| 300 |
_a680 ص ؛ _c20 سم |
||
| 490 | _a | ||
| 650 | 0 | 4 | _aالشعر العربى |
| 650 | 0 | 4 | _aشعراء المهجر |
| 650 | 0 | 4 | _aشعر المهجر |
| 650 | 0 | 4 | _aدواوين وقصائد |
| 942 |
_2ddc _cBK |
||
| 999 |
_c44113 _d44113 |
||